[Event "GER-ch Net blitz qual4"]
[Site "Playchess.com INT"]
[Date "2021.05.10"]
[Round "6"]
[White "Hunder, Frank"]
[Black "Boetticher, Tim"]
[Result "1-0"]
[WhiteElo "1619"]
[BlackElo "1479"]
[PlyCount "177"]
[EventDate "2021.05.10"]
[EventType "swiss (blitz)"]
[EventRounds "11"]
[EventCountry "GER"]
[SourceTitle "CBM 202 Extra"]
[Source "ChessBase"]
[SourceDate "2021.07.31"]
[SourceVersion "1"]
[SourceVersionDate "2021.07.31"]
[SourceQuality "1"]

1. e4 e5 2. Nf3 d6 3. Bc4 Be7 4. h3 Nc6 5. 0-0 Nf6 6. Re1 0-0 7. c3 a6 8. d4 exd4 9. cxd4 b5 10. Bb3 Na5 11. Bc2 Nb7 12. Nc3 Rb8 13. a3 Nd7 14. b4 Nb6 15. Qd3 f5 16. Nd5 Nxd5 17. exd5 Qd7 18. Bf4 Bf6 19. Re2 Nd8 20. Rae1 Nf7 21. Nh2 g6 22. f3 Bb7 23. Bb3 Rbe8 24. g4 Rxe2 25. Rxe2 Re8 26. gxf5 Rxe2 27. Qxe2 Qxf5 28. Qd2 Qxh3 29. Ng4 Bh4 30. Qe2 Bg3 31. Qe8+ Kg7 32. Qe3 Bxf4 33. Qxf4 Qh5 34. Qf6+ Kf8 35. Qf4 Bxd5 36. Bxd5 Qxd5 37. Nf6 Qa2 38. Nxh7+ Kg7 39. Qf6+ Kxh7 40. Qxf7+ Kh6 41. Qf4+ Kh5 42. Qg4+ Kh6 43. Qh4+ Kg7 44. Qe7+ Kh6 45. Qxc7 Qxa3 46. Qxd6 Qa2 47. Qh2+ Qxh2+ 48. Kxh2 Kg5 49. Kg3 Kf5 50. d5 Ke5 51. Kg4 Kxd5 52. Kg5 Kc4 53. Kxg6 Kxb4 54. f4 Kc5 55. f5 b4 56. f6 b3 57. f7 b2 58. f8Q+ Kc4 59. Qf7+ Kc3 60. Qf6+ Kc2 61. Qc6+ Kb1 62. Qxa6 Kc1 63. Qc6+ Kb1 64. Kf5 Ka2 65. Qa6+ Kb1 66. Ke4 Kc2 67. Qc4+ Kb1 68. Qb4 Ka1 69. Qa3+ Kb1 70. Kd4 Kc1 71. Qc3+ Kb1 72. Kd3 Ka1 73. Qa3+ Kb1 74. Kc4 Kc2 75. Qc3+ Kb1 76. Qe1+ Ka2 77. Qd2 Ka1 78. Qa5+ Kb1 79. Kb4 Kc2 80. Qc5+ Kb1 81. Qg1+ Ka2 82. Qf2 Ka1 83. Qa7+ Kb1 84. Ka3 Kc2 85. Qc5+ Kb1 86. Qb4 Kc2 87. Ka2 b1Q+ 88. Qxb1+ Kc3 89. Qc1+ 1-0

[Event "GER-ch Net blitz qual4"]
[Site "Playchess.com INT"]
[Date "2021.05.10"]
[Round "10"]
[White "Hunder, Frank"]
[Black "Platz, Daniel"]
[Result "0-1"]
[WhiteElo "1619"]
[BlackElo "1847"]
[PlyCount "78"]
[EventDate "2021.05.10"]
[EventType "swiss (blitz)"]
[EventRounds "11"]
[EventCountry "GER"]
[SourceTitle "CBM 202 Extra"]
[Source "ChessBase"]
[SourceDate "2021.07.31"]
[SourceVersion "1"]
[SourceVersionDate "2021.07.31"]
[SourceQuality "1"]

1. e4 c6 2. d4 d5 3. e5 Bf5 4. Ne2 e6 5. c3 c5 6. Ng3 Ne7 7. Bd3 Bxd3 8. Qxd3 Nec6 9. Be3 Nd7 10. 0-0 Qb6 11. Qc2 cxd4 12. cxd4 Be7 13. a3 0-0 14. b4 a5 15. bxa5 Rxa5 16. Qd3 Rfa8 17. Nc3 Rxa3 18. Rab1 Qa5 19. Bd2 Bb4 20. Rfc1 Qa7 21. Nb5 Rxd3 22. Nxa7 Bxd2 23. Rd1 Rxa7 24. Nf1 Nxd4 25. Nxd2 Nxe5 26. f4 Nc4 27. Nf3 Rxd1+ 28. Rxd1 Nxf3+ 29. gxf3 b5 30. Rb1 Rb7 31. Kf2 b4 32. Ke2 b3 33. Kd3 b2 34. Kc3 Kf8 35. h4 Ke7 36. Kc2 g6 37. Kc3 Kd6 38. Kd4 Na3 39. Ra1 bxa1Q+ 0-1

[Event "GER-ch Net blitz qual4"]
[Site "Playchess.com INT"]
[Date "2021.05.10"]
[Round "7"]
[White "Lu, Yunong Elias"]
[Black "Hunder, Frank"]
[Result "1/2-1/2"]
[WhiteElo "1851"]
[BlackElo "1619"]
[PlyCount "76"]
[EventDate "2021.05.10"]
[EventType "swiss (blitz)"]
[EventRounds "11"]
[EventCountry "GER"]
[SourceTitle "CBM 202 Extra"]
[Source "ChessBase"]
[SourceDate "2021.07.31"]
[SourceVersion "1"]
[SourceVersionDate "2021.07.31"]
[SourceQuality "1"]

1. e4 c5 2. Nf3 Nc6 3. Bb5 e6 4. Bxc6 bxc6 5. c4 d5 6. exd5 cxd5 7. cxd5 exd5 8. d4 c4 9. 0-0 Nf6 10. Nc3 Be7 11. Bf4 0-0 12. Re1 Re8 13. Qd2 a6 14. b3 Bb4 15. bxc4 dxc4 16. Rxe8+ Qxe8 17. Re1 Qd8 18. Bg5 h6 19. Bxf6 Qxf6 20. Re8+ Kh7 21. Qc1 Qc6 22. Re2 Bg4 23. Qb1+ f5 24. Qxb4 Bxf3 25. gxf3 Qxf3 26. Re3 Qf4 27. Qxc4 Qg5+ 28. Rg3 Qc1+ 29. Kg2 Rd8 30. Qf7 Rg8 31. Qxf5+ Kh8 32. Qf3 Rc8 33. Ne4 Kh7 34. Qf5+ Kg8 35. Nf6+ Kf8 36. Ne4+ Kg8 37. Qe6+ Kh7 38. Qf5+ Kg8 1/2-1/2

[Event "GER-ch Net blitz qual4"]
[Site "Playchess.com INT"]
[Date "2021.05.10"]
[Round "9"]
[White "Schulz, Gerhard1"]
[Black "Hunder, Frank"]
[Result "0-1"]
[WhiteElo "1432"]
[BlackElo "1619"]
[PlyCount "136"]
[EventDate "2021.05.10"]
[EventType "swiss (blitz)"]
[EventRounds "11"]
[EventCountry "GER"]
[SourceTitle "CBM 202 Extra"]
[Source "ChessBase"]
[SourceDate "2021.07.31"]
[SourceVersion "1"]
[SourceVersionDate "2021.07.31"]
[SourceQuality "1"]

1. d4 d5 2. Nf3 e6 3. e3 f5 4. c4 c6 5. Nc3 Nf6 6. Ne5 Be7 7. Be2 0-0 8. 0-0 Nbd7 9. Bd2 Nxe5 10. dxe5 Ne4 11. f4 Bd7 12. Nxe4 fxe4 13. Be1 Be8 14. Bf2 Bg6 15. cxd5 exd5 16. Kh1 Qd7 17. Qe1 Bf5 18. Bh4 Rf7 19. Bxe7 Rxe7 20. Qh4 g6 21. g4 Be6 22. f5 gxf5 23. gxf5 Bxf5 24. Qg5+ Bg6 25. h4 Rg7 26. Bg4 Qe7 27. Rf6 Re8 28. Raf1 Kh8 29. Qh6 Qxe5 30. Rf8+ Rxf8 31. Rxf8+ Rg8 32. Rxg8+ Kxg8 33. h5 Bf5 34. Qg5+ Qg7 35. Qxf5 Qxb2 36. Qe6+ Kf8 37. Qc8+ Ke7 38. Qd7+ Kf6 39. Qe6+ Kg5 40. Qf5+ Kh4 41. Bh3 Qc1+ 42. Qf1 Qxe3 43. Bg2 Kxh5 44. Qf7+ Kg5 45. Qxh7 Kf6 46. Qh4+ Qg5 47. Qf2+ Ke5 48. Qb2+ d4 49. Qxb7 c5 50. Qc7+ Kf6 51. Qd8+ Kg6 52. Bxe4+ Kh6 53. Qxg5+ Kxg5 54. Kg2 Kf4 55. Bc6 Ke3 56. Kf1 Kd2 57. Bd5 Kc3 58. Ke2 d3+ 59. Kd1 d2 60. Bb3 a5 61. Bf7 Kd3 62. Bb3 Ke3 63. Bc4 Kd4 64. Bb3 Kc3 65. Bc2 c4 66. Ba4 Kd3 67. Bc2+ Ke3 68. Ba4 c3 0-1

[Event "GER-ch Net blitz qual2"]
[Site "Playchess.com INT"]
[Date "2021.05.04"]
[Round "6"]
[White "Hunder, Frank"]
[Black "Brunke, Pascal"]
[Result "0-1"]
[WhiteElo "1645"]
[BlackElo "1905"]
[PlyCount "70"]
[EventDate "2021.05.04"]
[EventType "swiss (blitz)"]
[EventRounds "11"]
[EventCountry "GER"]
[SourceTitle "CBM 202 Extra"]
[Source "ChessBase"]
[SourceDate "2021.07.31"]
[SourceVersion "1"]
[SourceVersionDate "2021.07.31"]
[SourceQuality "1"]

1. e4 b6 2. d4 Bb7 3. Bd3 e6 4. f4 Nf6 5. Nc3 Bb4 6. Qe2 c5 7. Be3 Nc6 8. a3 cxd4 9. axb4 dxe3 10. Qxe3 Nxb4 11. Qd2 Nxd3+ 12. cxd3 0-0 13. Nf3 Qc7 14. Rc1 Rfc8 15. 0-0 Qc5+ 16. Kh1 Qb4 17. Qe2 a5 18. Nd2 Ba6 19. Ndb1 Qd4 20. Rfd1 d5 21. e5 Nd7 22. Qf3 Nc5 23. Ne2 Qb4 24. Nbc3 h6 25. Rb1 Nb3 26. g4 Nd4 27. Nxd4 Qxd4 28. f5 Qxe5 29. fxe6 Qxe6 30. Re1 Qd6 31. Nxd5 Bb7 32. Ne7+ Qxe7 33. Rxe7 Bxf3+ 34. Kg1 Re8 35. Rb7 Bxb7 0-1

[Event "DSOL 07 Liga Gr-B 1st"]
[Site "Playchess.com INT"]
[Date "2020.07.31"]
[Round "6.1"]
[White "Lu, Yunong Elias"]
[Black "Hunder, Frank"]
[Result "1-0"]
[WhiteElo "1614"]
[BlackElo "1569"]
[PlyCount "169"]
[EventDate "2020.06.22"]
[EventType "team-tourn (rapid)"]
[EventCountry "GER"]
[SourceTitle "EXT 2021"]
[Source "ChessBase"]
[SourceDate "2020.10.23"]
[SourceVersion "1"]
[SourceVersionDate "2020.10.23"]
[SourceQuality "1"]
[WhiteTeam "Hamburger SK X"]
[BlackTeam "Stadtilm Blau Weiss"]
[WhiteTeamCountry "GER"]
[BlackTeamCountry "GER"]

1. c4 c6 2. Nc3 e6 3. g3 d5 4. cxd5 exd5 5. d4 Nf6 6. Nf3 h6 7. Bg2 Bd6 8. 0-0 Bf5 9. Nd2 0-0 10. e4 dxe4 11. Ndxe4 Nxe4 12. Nxe4 Bc7 13. Be3 Re8 14. Nc5 Qc8 15. Re1 Nd7 16. Nd3 Nf6 17. Qd2 Ne4 18. Qd1 Bd6 19. Rc1 Qd7 20. Nc5 Bxc5 21. dxc5 Rad8 22. Qxd7 Rxd7 23. g4 Bh7 24. f3 Nf6 25. g5 hxg5 26. Bxg5 Rde7 27. Rxe7 Rxe7 28. Rd1 Rd7 29. Re1 Kf8 30. Bh3 Rd5 31. Bf4 g5 32. Bd6+ Kg7 33. Bc8 b6 34. b4 Rd4 35. a3 Rd3 36. Ra1 Rxf3 37. Bb7 Be4 38. Be5 Kg6 39. Re1 Bd5 40. cxb6 axb6 41. Rc1 Nd7 42. Bc7 b5 43. Bxc6 Bxc6 44. Rxc6+ f6 45. Rd6 Ne5 46. Rb6 Rxa3 47. Bxe5 Kf5 48. Bxf6 Rb3 49. Be7 Ke4 50. Rxb5 g4 51. Ra5 Kf3 52. Ra1 Rb2 53. Rf1+ Ke3 54. Bc5+ Ke4 55. Rf2 Rb1+ 56. Kg2 Rb3 57. Re2+ Kf4 58. Re3 Rb2+ 59. Kg1 Rb1+ 60. Kf2 Rb2+ 61. Re2 Rb3 62. Bd6+ Kf5 63. Rc2 Rf3+ 64. Kg2 Rd3 65. b5 Rxd6 66. Rc5+ Kf4 67. Rc4+ Kg5 68. Rc2 Kh4 69. Rb2 Rb6 70. Kf2 Kg5 71. Ke3 Kf5 72. Kd4 Ke6 73. Kc5 Rb8 74. Kc6 Rc8+ 75. Kb7 Rg8 76. b6 g3 77. hxg3 Rxg3 78. Kb8 Kd7 79. Rd2+ Kc6 80. b7 Kb6 81. Rd6+ Kc5 82. Kc7 Rg7+ 83. Rd7 Rg6 84. b8Q Rc6+ 85. Kd8 1-0

[Event "DSOL 07 Liga Gr-B 1st"]
[Site "Playchess.com INT"]
[Date "2020.07.17"]
[Round "4.1"]
[White "Richter, Tim"]
[Black "Hunder, Frank"]
[Result "1/2-1/2"]
[WhiteElo "1494"]
[BlackElo "1569"]
[PlyCount "66"]
[EventDate "2020.06.22"]
[EventType "team-tourn (rapid)"]
[EventCountry "GER"]
[SourceTitle "EXT 2021"]
[Source "ChessBase"]
[SourceDate "2020.10.23"]
[SourceVersion "1"]
[SourceVersionDate "2020.10.23"]
[SourceQuality "1"]
[WhiteTeam "Heidesheim"]
[BlackTeam "Stadtilm Blau Weiss"]
[WhiteTeamCountry "GER"]
[BlackTeamCountry "GER"]

1. d4 d5 2. c4 c6 3. Nf3 e6 4. Nc3 f5 5. cxd5 exd5 6. e3 Nf6 7. Ne5 Be7 8. Be2 0-0 9. 0-0 Be6 10. Bd2 Nbd7 11. f4 Ne4 12. Nxe4 fxe4 13. Bg4 Bxg4 14. Qxg4 Nxe5 15. fxe5 Qc8 16. Rxf8+ Bxf8 17. Qxc8 Rxc8 18. b4 a6 19. a4 Kf7 20. Kf2 Ke6 21. Ke2 Be7 22. Rf1 b6 23. Rc1 c5 24. bxc5 bxc5 25. Bb4 c4 26. Bxe7 Kxe7 27. Rb1 Kd7 28. Rb6 Rc6 29. Rb7+ Rc7 30. Rxc7+ Kxc7 31. Kd2 a5 32. g4 g5 33. h3 Kd7 1/2-1/2